نیم و ز: (Record no. 108953)
[ view plain ]
| 000 -LEADER | |
|---|---|
| fixed length control field | 00792nam a22002537a 4500 |
| 005 - DATE AND TIME OF LATEST TRANSACTION | |
| control field | 20170123162347.0 |
| 010 ## - LIBRARY OF CONGRESS CONTROL NUMBER | |
| LC control number | 313180 |
| 020 ## - INTERNATIONAL STANDARD BOOK NUMBER | |
| Terms of availability | 00.00 |
| 035 ## - SYSTEM CONTROL NUMBER | |
| System control number | 313180 |
| 037 ## - SOURCE OF ACQUISITION | |
| Source of stock number/acquisition | Cen Lib/Ret |
| 040 ## - CATALOGING SOURCE | |
| Original cataloging agency | DPL |
| Language of cataloging | UR |
| 082 ## - DEWEY DECIMAL CLASSIFICATION NUMBER | |
| Classification number | 841 |
| Edition number | ت ا ب |
| 100 ## - MAIN ENTRY--PERSONAL NAME | |
| Personal name | دہلوی ، تابش |
| 9 (RLIN) | 107874 |
| 245 ## - TITLE STATEMENT | |
| Title | نیم و ز: |
| Statement of responsibility, etc | تابش دہلوی |
| Remainder of title | اجمو غزلیات / |
| 246 ## - VARYING FORM OF TITLE | |
| Title proper/short title | Neeemwar: majmua-e ghazalyaat/ |
| Remainder of title | by Tabish Dehalwee |
| 260 ## - PUBLICATION, DISTRIBUTION, ETC. (IMPRINT) | |
| Place of publication, distribution, etc | لاہور |
| Name of publisher, distributor, etc | اردو مرکز |
| Date of publication, distribution, etc | 1963 |
| 270 ## - ADDRESS | |
| Address | گنپت رود |
| City | لاہور |
| 300 ## - PHYSICAL DESCRIPTION | |
| Extent | 200p. |
| Dimensions | 20cm(pbk) |
| 650 ## - SUBJECT ADDED ENTRY--TOPICAL TERM | |
| Topical term or geographic name as entry element | اردو ادب |
| 9 (RLIN) | 133529 |
| 650 ## - SUBJECT ADDED ENTRY--TOPICAL TERM | |
| Topical term or geographic name as entry element | اردو غزل |
| 9 (RLIN) | 133530 |
| 650 ## - SUBJECT ADDED ENTRY--TOPICAL TERM | |
| Topical term or geographic name as entry element | Urdu Literature |
| 9 (RLIN) | 133531 |
| 650 ## - SUBJECT ADDED ENTRY--TOPICAL TERM | |
| Topical term or geographic name as entry element | Urdu -- Poetry |
| 9 (RLIN) | 133532 |
| 942 ## - ADDED ENTRY ELEMENTS (KOHA) | |
| Source of classification or shelving scheme | Dewey Decimal Classification |
| Koha item type | Urdu Bks |
| Classification part | 841 |
| Call number suffix | ت ا ب |
| Withdrawn status | Lost status | Damaged status | Not for loan | Home library | Current library | Date acquired | Source of acquisition | Cost, normal purchase price | Total Checkouts | Full call number | Barcode | Date last seen | Copy number | Cost, replacement price | Price effective from | Koha item type |
|---|---|---|---|---|---|---|---|---|---|---|---|---|---|---|---|---|
| Central Library | Central Library | 13/02/2016 | Cen Lib/Ref | 0.00 | 841 ت ا ب | 313180 | 13/02/2016 | 1 | 0.00 | 13/02/2016 | Urdu Bks |
